| 000 | 00629nac a22001931u 4500 | ||
|---|---|---|---|
| 010 | _a 59008168 | ||
| 035 | _a(OCoLC)1577170 | ||
| 082 |
_a621.3 _bDEK |
||
| 090 |
_c7230 _d7230 |
||
| 100 | _aDekker, Adrianus J. | ||
| 245 | 1 | 0 |
_aElectrical engineering materials./ _cA. J. Dekker |
| 260 |
_aEnglewood Cliffs, N.J., _bPrentice-Hall,1959 _c1959. |
||
| 300 |
_a208 p. _billus. _c24 cm. |
||
| 440 | 0 | _aPrentice-Hall electrical engineering series | |
| 500 | _adistributer: Al-Ahram | ||
| 511 | _acatalogued by: wessam | ||
| 650 | 0 |
_aElectric engineering _xMaterials. |
|
| 942 |
_cBB _k621.3DEK |
||
| 999 |
_c7230 _d7230 |
||